<?xml version="1.0" encoding="UTF-8"?><marc:collection xmlns:marc="http://www.loc.gov/MARC21/slim">
  <marc:record>
    <marc:leader>00000nam  2200000za 4500</marc:leader>
    <marc:controlfield tag="001">9.839095</marc:controlfield>
    <marc:controlfield tag="003">CaOODSP</marc:controlfield>
    <marc:controlfield tag="005">20221107151531</marc:controlfield>
    <marc:controlfield tag="007">cr |||||||||||</marc:controlfield>
    <marc:controlfield tag="008">170802s2002    xxcd|||#o    f000 0 eng d</marc:controlfield>
    <marc:datafield tag="040" ind1=" " ind2=" ">
      <marc:subfield code="a">CaOODSP</marc:subfield>
      <marc:subfield code="b">eng</marc:subfield>
    </marc:datafield>
    <marc:datafield tag="043" ind1=" " ind2=" ">
      <marc:subfield code="a">n-cn---</marc:subfield>
    </marc:datafield>
    <marc:datafield tag="086" ind1="1" ind2=" ">
      <marc:subfield code="a">R62-526/2002E-PDF</marc:subfield>
    </marc:datafield>
    <marc:datafield tag="110" ind1="1" ind2=" ">
      <marc:subfield code="a">Canada.</marc:subfield>
      <marc:subfield code="b">Parks Canada. </marc:subfield>
      <marc:subfield code="b">Performance, Audit and Review Group.</marc:subfield>
    </marc:datafield>
    <marc:datafield tag="245" ind1="1" ind2="0">
      <marc:subfield code="a">Review of occupational health and safety reporting at the Parks Canada Agency </marc:subfield>
      <marc:subfield code="h">[electronic resource] : </marc:subfield>
      <marc:subfield code="b">final report / </marc:subfield>
      <marc:subfield code="c">Performance, Audit and Review.</marc:subfield>
    </marc:datafield>
    <marc:datafield tag="260" ind1=" " ind2=" ">
      <marc:subfield code="a">[S.l.] : </marc:subfield>
      <marc:subfield code="b">Parks Canada, </marc:subfield>
      <marc:subfield code="c">2002.</marc:subfield>
    </marc:datafield>
    <marc:datafield tag="300" ind1=" " ind2=" ">
      <marc:subfield code="a">iv, 20 p. : </marc:subfield>
      <marc:subfield code="b">charts.</marc:subfield>
    </marc:datafield>
    <marc:datafield tag="500" ind1=" " ind2=" ">
      <marc:subfield code="a">"December 2002."</marc:subfield>
    </marc:datafield>
    <marc:datafield tag="500" ind1=" " ind2=" ">
      <marc:subfield code="a">Issued also in French under title: Examen des rapports de l’Agence Parcs Canada en matière de santé et de sécurité au travail : rapport définitif.</marc:subfield>
    </marc:datafield>
    <marc:datafield tag="520" ind1=" " ind2=" ">
      <marc:subfield code="a">"In the fall of 2001, Parks Canada sought to develop a national electronic database of work place injury reports. A call letter requesting photocopies of all Hazardous Occurrence Investigation Reports (HOIRs) involving injuries for the years 1999, 2000 and 2001 lead to the collection of more than 1,200 occurrence reports Comparison of these reports with summary reports of occurrences provided to HRDC each year (Employer’s Annual Hazardous Occurrence Investigation Report or EAHOIR) showed a number of discrepancies between the number and type of occurrences prompting a more intensive review of occurrence reporting in the Agency"--Executive Summary, p. ii.</marc:subfield>
    </marc:datafield>
    <marc:datafield tag="692" ind1="0" ind2="7">
      <marc:subfield code="2">gccst</marc:subfield>
      <marc:subfield code="a">Occupational health</marc:subfield>
    </marc:datafield>
    <marc:datafield tag="692" ind1="0" ind2="7">
      <marc:subfield code="2">gccst</marc:subfield>
      <marc:subfield code="a">Occupational safety</marc:subfield>
    </marc:datafield>
    <marc:datafield tag="692" ind1="0" ind2="7">
      <marc:subfield code="2">gccst</marc:subfield>
      <marc:subfield code="a">Review</marc:subfield>
    </marc:datafield>
    <marc:datafield tag="775" ind1="0" ind2="8">
      <marc:subfield code="t">Examen des rapports de l’Agence Parcs Canada en matière de santé et de sécurité au travail </marc:subfield>
      <marc:subfield code="w">(CaOODSP)9.839096</marc:subfield>
    </marc:datafield>
    <marc:datafield tag="856" ind1="4" ind2="0">
      <marc:subfield code="q">PDF</marc:subfield>
      <marc:subfield code="s">184 KB</marc:subfield>
      <marc:subfield code="u">https://publications.gc.ca/collections/collection_2017/pc/R62-526-2002-eng.pdf</marc:subfield>
    </marc:datafield>
  </marc:record>
</marc:collection>
